000 00177nam a2200085 4500
001 1258562
005 20260312193515.0
245 _aKARABİBİK
_cNABİZADE NAZIM
260 _bİSKELE
999 _c1258562
_d1258562